Paisajes del pensamiento: la inteligencia de las emociones
Uloženo v:
| Hlavní autor: | |
|---|---|
| Další autoři: | |
| Médium: | Kniha |
| Jazyk: | španělština |
| Vydáno: |
Barcelona
Paidós
2008
|
| Vydání: | 1a. ed |
| Témata: | |
| Tagy: |
Přidat tag
Žádné tagy, Buďte první, kdo vytvoří štítek k tomuto záznamu!
|
MARC
| LEADER | 00000cam a2200000 a 4500 | ||
|---|---|---|---|
| 001 | UCE0507 | ||
| 003 | CL-VaPUC | ||
| 005 | 20240822123038.0 | ||
| 008 | 140124e20080000sp |||||||||||||||||spa|d | ||
| 999 | |c 354612 |d 354610 | ||
| 020 | |a 9788449320996 | ||
| 040 | |c Pontificia Universidad Católica de Valparaíso | ||
| 082 | 0 | 4 | |a 152.4 |b NUS |2 21 |
| 100 | |a Nussbaum, Martha Craven |e autora |9 518695 | ||
| 245 | 1 | 0 | |a Paisajes del pensamiento: la inteligencia de las emociones |
| 250 | |a 1a. ed | ||
| 260 | |a Barcelona |b Paidós |c 2008 | ||
| 300 | |a 798 p | ||
| 583 | |a last modification |c 20140124 15:34:00 |k Rodrigo Vera | ||
| 650 | 0 | |a Desarrollo emocional |9 313058 | |
| 650 | 0 | |a Emociones |9 265224 | |
| 650 | 0 | |a Inteligencia emocional |9 430453 | |
| 700 | |a Maira Benítez, Araceli |e traducción |9 876666 | ||
| 942 | |c BK |2 ddc | ||
| 945 | |d 20140124 15:34:00 |a dcastane | ||
| 952 | |0 0 |1 0 |3 erb |4 0 |6 152_400000000000000_NUS_2008 |7 0 |8 R |9 460577 |a BIBEDU |b BIBEDU |c MCIRC |i 5052882 |o 152.4 NUS 2008 |p 5052882 |r 2023-01-13 |w 2019-11-23 |y BK_R |z Catalogado en:20140124 |k FIL | ||